[Event "Feffernitz op 32nd"]
[Site "Feffernitz"]
[Date "2023.08.06"]
[Round "3"]
[White "Hresc, Vladimir"]
[Black "Stagl, Marco"]
[Result "1-0"]
[WhiteElo "2270"]
[BlackElo "2135"]
[PlyCount "95"]
[EventDate "2023.08.05"]
[EventType "swiss"]
[EventRounds "9"]
[EventCountry "AUT"]
[SourceTitle "CBM 215 Extra"]
[Source "ChessBase"]
[SourceDate "2023.09.30"]
[SourceVersion "1"]
[SourceVersionDate "2023.09.30"]
[SourceQuality "1"]

1. e4 b6 2. d4 Bb7 3. Nc3 e6 4. Bd3 Nf6 5. Be3 Bb4 6. f3 d5 7. e5 Nfd7 8. a3 Be7 9. Nce2 Ba6 10. f4 c5 11. Bxa6 Nxa6 12. Nf3 g6 13. c3 c4 14. Kf2 Nab8 15. g4 Nc6 16. Qc2 b5 17. f5 Nb6 18. h4 gxf5 19. gxf5 Qd7 20. Rag1 0-0-0 21. f6 Bf8 22. Rg2 h5 23. Rhg1 Kb7 24. Rg8 Bh6 25. Rxh8 Bxe3+ 26. Kxe3 Rxh8 27. Rg7 a5 28. Ng5 Nd8 29. Nf4 Ka6 30. Rh7 Rf8 31. Rxh5 b4 32. axb4 axb4 33. Nf3 Qa4 34. Kd2 Qa1 35. Rg5 Qf1 36. Qd1 Qxd1+ 37. Kxd1 b3 38. h5 Kb5 39. h6 Rh8 40. Rh5 Na4 41. Kc1 Nc6 42. h7 Nb4 43. cxb4 Kxb4 44. Ng5 c3 45. bxc3+ Ka3 46. Nd3 Rc8 47. h8Q Rxc3+ 48. Kd2 1-0

[Event "St Veit op 42nd"]
[Site "St Veit"]
[Date "2023.07.09"]
[Round "2"]
[White "Wickramasinghe, Nathaniel"]
[Black "Stagl, Marco"]
[Result "0-1"]
[WhiteElo "1755"]
[BlackElo "2139"]
[PlyCount "120"]
[EventDate "2023.07.08"]
[EventType "swiss"]
[EventRounds "9"]
[EventCountry "AUT"]
[SourceTitle "CBM 215 Extra"]
[Source "ChessBase"]
[SourceDate "2023.09.30"]
[SourceVersion "1"]
[SourceVersionDate "2023.09.30"]
[SourceQuality "1"]

1. e4 d5 2. exd5 Nf6 3. d4 Nxd5 4. c4 Nb6 5. Nc3 g6 6. Nf3 Bg7 7. Be3 0-0 8. Rc1 Bg4 9. c5 Nd5 10. Nxd5 Qxd5 11. Bc4 Qf5 12. Be2 Nc6 13. h3 Bxf3 14. Bxf3 Nxd4 15. Bxd4 Rad8 16. Rc4 Bxd4 17. Qc2 Qe5+ 18. Qe2 b6 19. cxb6 cxb6 20. 0-0 Qxe2 21. Bxe2 Bxb2 22. Rc7 Ba3 23. Rxa7 Bc5 24. Bf3 Rd2 25. Bc6 Rc8 26. Bb5 Rcd8 27. Kh2 Rb2 28. Bc6 Rdd2 29. a4 Rxf2 30. Rxf2 Rxf2 31. a5 bxa5 32. Rxa5 Rc2 33. Be4 Rc1 34. g4 Re1 35. Bd3 Re3 36. Bf1 Rc3 37. Ra2 Kg7 38. h4 Bd6+ 39. Kh1 Rf3 40. Bg2 Rg3 41. Ra4 Rb3 42. Ra1 Rb2 43. Rf1 f6 44. Re1 Kf8 45. Ra1 Rd2 46. Kg1 Bg3 47. h5 Kg7 48. Ra3 Bd6 49. Rc3 Kh6 50. Rh3 Kg5 51. Bf3 Kf4 52. h6 Bc5+ 53. Kh1 e5 54. Bc6 Kxg4 55. Rb3 Kg5 56. Rh3 Bf8 57. Rg3+ Kxh6 58. Bb5 f5 59. Re3 e4 60. Bc4 Rd4 0-1

[Event "AUT-chT2M 2223"]
[Site "Austria"]
[Date "2023.04.14"]
[Round "10.6"]
[White "Stagl, Marco"]
[Black "Dornauer, Joachim"]
[Result "1/2-1/2"]
[WhiteElo "2151"]
[BlackElo "2159"]
[PlyCount "183"]
[EventDate "2022.09.30"]
[EventType "team-tourn"]
[EventRounds "11"]
[EventCountry "AUT"]
[SourceTitle "EXT 2024"]
[Source "ChessBase"]
[SourceDate "2023.10.10"]
[SourceVersion "1"]
[SourceVersionDate "2023.10.10"]
[SourceQuality "1"]
[WhiteTeam "Gamlitz"]
[BlackTeam "St Valentin"]
[WhiteTeamCountry "AUT"]
[BlackTeamCountry "AUT"]

1. Nf3 Nf6 2. g3 d5 3. Bg2 c5 4. c4 e6 5. 0-0 Nc6 6. cxd5 exd5 7. d4 cxd4 8. Nxd4 Be7 9. Nc3 0-0 10. Be3 Be6 11. h3 Qd7 12. Kh2 Rac8 13. Rc1 Ne5 14. Nxe6 fxe6 15. Bxa7 b6 16. Bxb6 Nc4 17. Na4 Qb5 18. Bd4 e5 19. Bc3 d4 20. b3 Nd6 21. Bb2 Rxc1 22. Bxc1 Nfe4 23. Kg1 Nf6 24. Ba3 Rc8 25. Re1 Nf5 26. Bxe7 Nxe7 27. Qd2 Ned5 28. Nb2 Nc3 29. Nc4 Rd8 30. Qc2 Kh8 31. a4 Qc5 32. Qf5 Re8 33. e3 Qb4 34. exd4 e4 35. Ne5 Qxb3 36. a5 Qb4 37. Nc6 Qc4 38. d5 Ncxd5 39. Ne5 Qc3 40. Rxe4 Nxe4 41. Bxe4 Nf6 42. Nf7+ Kg8 43. Bd5 Nxd5 44. Qxd5 Qe1+ 45. Kg2 Qe6 46. Qxe6 Rxe6 47. Nd8 Ra6 48. Nb7 Ra7 49. Nd6 Rxa5 50. h4 Kf8 51. Nc4 Rb5 52. Nd2 Ke7 53. Nf3 Kf6 54. Nd4 Ra5 55. Nf3 h6 56. Nd4 Ra2 57. Nf3 Kf5 58. Nd4+ Ke5 59. Nf3+ Ke4 60. Nh2 g5 61. hxg5 hxg5 62. Ng4 Ra3 63. Ne3 Ra4 64. Ng4 Ra8 65. Nf6+ Kf5 66. Nd5 Rf8 67. Ne3+ Ke4 68. Ng4 Kd3 69. Kf1 Kd2 70. Ne5 Rf5 71. Ng4 Ra5 72. Nh2 Ra3 73. Kg2 Ke2 74. f4 gxf4 75. gxf4 Ke3 76. Kg3 Ke4+ 77. Kg4 Ra2 78. Nf1 Rg2+ 79. Ng3+ Kd5 80. Kf3 Rg1 81. Kf2 Ra1 82. Kf3 Ke6 83. Kg4 Rg1 84. Kf3 Kf6 85. Ne4+ Kg6 86. Ng3 Ra1 87. Kg4 Ra4 88. Nh5 Rb4 89. Ng3 Kf6 90. Nh5+ Kg6 91. Ng3 Rb1 92. Kf3 1/2-1/2

[Event "AUT-chT2M 2223"]
[Site "Austria"]
[Date "2022.10.21"]
[Round "4.6"]
[White "Steiner, Stefan"]
[Black "Stagl, Marco"]
[Result "1/2-1/2"]
[WhiteElo "2262"]
[BlackElo "2151"]
[PlyCount "81"]
[EventDate "2022.09.30"]
[EventType "team-tourn"]
[EventRounds "11"]
[EventCountry "AUT"]
[SourceTitle "EXT 2024"]
[Source "ChessBase"]
[SourceDate "2023.10.10"]
[SourceVersion "1"]
[SourceVersionDate "2023.10.10"]
[SourceQuality "1"]
[WhiteTeam "Frauental"]
[BlackTeam "Gamlitz"]
[WhiteTeamCountry "AUT"]
[BlackTeamCountry "AUT"]

1. Nf3 d5 2. c4 c6 3. cxd5 cxd5 4. d4 Nc6 5. Nc3 Nf6 6. Bf4 a6 7. Ne5 Qb6 8. Nxc6 bxc6 9. f3 Nh5 10. Be3 e6 11. Na4 Qd8 12. g4 Bb4+ 13. Kf2 Nf6 14. Rc1 Bd6 15. Rxc6 Rb8 16. Qc1 0-0 17. b3 Rb4 18. Rxd6 Qxd6 19. Bf4 Qe7 20. e3 Re8 21. Bd3 Nd7 22. Qc7 e5 23. dxe5 Nxe5 24. Bxe5 Qxe5 25. Qxe5 Rxe5 26. Rc1 Re8 27. Rc7 Rb7 28. Rc3 Ra7 29. e4 dxe4 30. Bxe4 Be6 31. Kg3 g6 32. g5 Rd8 33. h4 Rd2 34. a3 a5 35. Nc5 Rc7 36. b4 axb4 37. axb4 Rb2 38. Rd3 Rxb4 39. Na6 Rcc4 40. Nxb4 Rxb4 41. Bd5 1/2-1/2

[Event "Steyr Landesliga 1819"]
[Site "Austria"]
[Date "2019.03.23"]
[Round "10.6"]
[White "Stagl, Marco"]
[Black "Steiner, Peter"]
[Result "1-0"]
[WhiteElo "2142"]
[BlackElo "1975"]
[PlyCount "91"]
[EventDate "2018.10.06"]
[EventType "team-tourn"]
[EventRounds "11"]
[EventCountry "AUT"]
[SourceTitle "CBM 189 Extra"]
[Source "ChessBase"]
[SourceDate "2019.06.03"]
[SourceVersion "1"]
[SourceVersionDate "2019.06.03"]
[SourceQuality "1"]
[WhiteTeam "Gamlitz"]
[BlackTeam "Pinggau Friedberg"]
[WhiteTeamCountry "AUT"]
[BlackTeamCountry "AUT"]

1. d4 Nf6 2. c4 g6 3. Nf3 Bg7 4. g3 0-0 5. Bg2 d6 6. 0-0 Nc6 7. b3 e5 8. dxe5 dxe5 9. Nc3 Be6 10. Ng5 Bd7 11. Bb2 h6 12. Nge4 Nxe4 13. Nxe4 b6 14. Nc3 Rb8 15. Qd2 Nd4 16. e3 Ne6 17. Rfd1 Bc8 18. Qxd8 Rxd8 19. Rxd8+ Nxd8 20. Nb5 c6 21. Nxa7 Bb7 22. Rd1 Ra8 23. a4 Kf8 24. Rd7 Ke8 25. Rxb7 Nxb7 26. Bxc6+ Kd8 27. Nb5 Rb8 28. b4 f6 29. f4 Ke7 30. Bd5 Nd6 31. Na7 Rf8 32. fxe5 fxe5 33. Nc6+ Ke8 34. a5 bxa5 35. Nxa5 Nf5 36. Bc1 Ne7 37. Be4 Kd7 38. b5 Kc7 39. Ba3 Bf6 40. c5 Rd8 41. b6+ Kb8 42. c6 Rd1+ 43. Kg2 Nf5 44. Nc4 Be7 45. Bxf5 gxf5 46. Bxe7 1-0

[Event "Steyr Landesliga 1819"]
[Site "Austria"]
[Date "2019.01.26"]
[Round "7.7"]
[White "Stagl, Marco"]
[Black "Preck, Helmut"]
[Result "1-0"]
[WhiteElo "2142"]
[BlackElo "2035"]
[PlyCount "67"]
[EventDate "2018.10.06"]
[EventType "team-tourn"]
[EventRounds "11"]
[EventCountry "AUT"]
[SourceTitle "CBM 189 Extra"]
[Source "ChessBase"]
[SourceDate "2019.06.03"]
[SourceVersion "1"]
[SourceVersionDate "2019.06.03"]
[SourceQuality "1"]
[WhiteTeam "Gamlitz"]
[BlackTeam "Graz Austria"]
[WhiteTeamCountry "AUT"]
[BlackTeamCountry "AUT"]

1. d4 e6 2. g3 d5 3. Nf3 Bd6 4. Bg2 Nf6 5. c4 c6 6. Qc2 Nbd7 7. 0-0 dxc4 8. Qxc4 e5 9. Bg5 Nb6 10. Bxf6 Qxf6 11. dxe5 Nxc4 12. exf6 Nxb2 13. fxg7 Rg8 14. Nbd2 Be6 15. Rfb1 Ba3 16. Nd4 0-0-0 17. N2f3 Na4 18. Nxe6 fxe6 19. Rb3 Be7 20. Bh3 Nc5 21. Re3 Rd6 22. Rc1 Rxg7 23. Kg2 b6 24. Rc4 Bf6 25. Rf4 Be7 26. Rd4 Kc7 27. Rxd6 Kxd6 28. Nd4 Rg6 29. f4 Rf6 30. Bg4 Kd5 31. Nc2 Kd6 32. Nd4 Kd5 33. Nf3 Nb7 34. Ng5 1-0

[Event "Steyr Landesliga 1819"]
[Site "Austria"]
[Date "2019.01.12"]
[Round "6.6"]
[White "Stagl, Marco"]
[Black "Reiss, Georg"]
[Result "0-1"]
[WhiteElo "2142"]
[BlackElo "2129"]
[PlyCount "56"]
[EventDate "2018.10.06"]
[EventType "team-tourn"]
[EventRounds "11"]
[EventCountry "AUT"]
[SourceTitle "CBM 189 Extra"]
[Source "ChessBase"]
[SourceDate "2019.06.03"]
[SourceVersion "1"]
[SourceVersionDate "2019.06.03"]
[SourceQuality "1"]
[WhiteTeam "Gamlitz"]
[BlackTeam "Leoben"]
[WhiteTeamCountry "AUT"]
[BlackTeamCountry "AUT"]

1. d4 g6 2. c4 Bg7 3. Nf3 Nf6 4. g3 0-0 5. Bg2 d5 6. cxd5 Nxd5 7. 0-0 c6 8. e4 Nb6 9. h3 N8d7 10. Nc3 e5 11. Bg5 f6 12. Qb3+ Kh8 13. Be3 exd4 14. Nxd4 Ne5 15. a4 Qe7 16. Rfd1 Nbc4 17. Bc1 Nd6 18. f4 Nef7 19. Re1 g5 20. Be3 Bh6 21. f5 g4 22. Bxh6 Nxh6 23. Kh2 Qe5 24. Qd1 gxh3 25. Nf3 Ng4+ 26. Kxh3 Nf2+ 27. Kh2 Nxd1 28. Nxe5 Nxc3 0-1

[Event "St Veit op 37th"]
[Site "St Veit"]
[Date "2018.07.09"]
[Round "4"]
[White "Stagl, Marco"]
[Black "Halvax, Georg"]
[Result "0-1"]
[WhiteElo "2131"]
[BlackElo "2433"]
[PlyCount "116"]
[EventDate "2018.07.07"]
[EventType "swiss"]
[EventRounds "9"]
[EventCountry "AUT"]
[SourceTitle "EXT 2019"]
[Source "ChessBase"]
[SourceDate "2018.10.10"]
[SourceVersion "1"]
[SourceVersionDate "2018.10.10"]
[SourceQuality "1"]

1. d4 Nf6 2. Nf3 d5 3. c4 e6 4. e3 a6 5. Nbd2 c5 6. dxc5 Bxc5 7. cxd5 exd5 8. Be2 Nc6 9. 0-0 0-0 10. Nb3 Ba7 11. Nbd4 Ne4 12. Bd2 Qf6 13. Bc3 Bg4 14. Qb3 Nxc3 15. bxc3 Qd6 16. Nxc6 bxc6 17. Qb4 Qxb4 18. cxb4 Rfb8 19. a3 Bb6 20. Rfc1 Rc8 21. Rc3 c5 22. bxc5 Rxc5 23. Rxc5 Bxc5 24. h3 Bd7 25. Ne5 Be6 26. Nd3 Bd6 27. Nb4 a5 28. Nc6 a4 29. Nd4 Bd7 30. Nb5 Bf8 31. Nc3 Ra5 32. Bf3 Bc6 33. Ne2 Bd6 34. Nd4 Bd7 35. g4 g6 36. Kg2 Kf8 37. Ra2 Ke7 38. Kf1 Rc5 39. Ke2 Rc3 40. Bxd5 Rxa3 41. Rxa3 Bxa3 42. Kd3 Bb2 43. f3 f6 44. Bc4 Kd6 45. Ne2 Kc5 46. Nf4 a3 47. Ne6+ Kb4 48. Ba2 Ba4 49. Nc7 Be5 50. Nd5+ Kc5 51. f4 Bb2 52. Nc7 Bc1 53. Na6+ Kd6 54. Bc4 Bb5 55. Nb4 Bxc4+ 56. Kxc4 Bxe3 57. Nc2 Bc1 58. Nd4 a2 0-1

[Event "AUT-chT2M 1516"]
[Site "Austria"]
[Date "2015.11.14"]
[Round "4.4"]
[White "Wiesinger, Robert"]
[Black "Stagl, Marco"]
[Result "1/2-1/2"]
[WhiteElo "2167"]
[BlackElo "2074"]
[PlyCount "82"]
[EventDate "2015.10.02"]
[EventType "team-tourn"]
[EventRounds "11"]
[EventCountry "AUT"]
[SourceTitle "EXT 2017"]
[Source "ChessBase"]
[SourceDate "2016.10.25"]
[SourceVersion "1"]
[SourceVersionDate "2016.10.25"]
[SourceQuality "1"]
[WhiteTeam "Steyregg"]
[BlackTeam "Wolfsberg"]
[WhiteTeamCountry "AUT"]
[BlackTeamCountry "AUT"]

1. e4 d5 2. exd5 Qxd5 3. Nf3 Bg4 4. Be2 Nc6 5. d4 0-0-0 6. Be3 e5 7. c4 Qe4 8. d5 Bxf3 9. gxf3 Qh4 10. Nc3 Nd4 11. Qa4 Bc5 12. 0-0-0 Nxe2+ 13. Nxe2 Bxe3+ 14. fxe3 Qf2 15. Kd2 Kb8 16. Rdf1 Qh4 17. Nc3 Ne7 18. Kc1 Qh6 19. Re1 Nf5 20. Nd1 Rhe8 21. Qc2 Qh5 22. Rhf1 Rd6 23. Nc3 Rh6 24. Rf2 Nh4 25. Qe2 Rf6 26. Ne4 Rxf3 27. Nd2 Rf5 28. Qxh5 Rxh5 29. Rxf7 Nf5 30. Ne4 b6 31. c5 Rd8 32. c6 a5 33. Rd7 Kc8 34. Rxd8+ Kxd8 35. Rf1 Ke7 36. Nc3 Nd6 37. Rf2 Rh3 38. e4 Rh4 39. Re2 b5 40. a4 b4 41. Nb5 Ne8 1/2-1/2

[Event "AUT-chT2M 1415"]
[Site "Austria"]
[Date "2015.03.01"]
[Round "8.6"]
[White "Mostbauer, Maximilian"]
[Black "Stagl, Marco"]
[Result "1/2-1/2"]
[WhiteElo "2138"]
[BlackElo "2137"]
[PlyCount "81"]
[EventDate "2014.10.03"]
[EventType "team-tourn"]
[EventRounds "11"]
[EventCountry "AUT"]
[SourceTitle "EXT 2016"]
[Source "ChessBase"]
[SourceDate "2015.10.08"]
[SourceVersion "1"]
[SourceVersionDate "2015.10.08"]
[SourceQuality "1"]
[WhiteTeam "Ansfelden"]
[BlackTeam "Graz Styria"]
[WhiteTeamCountry "AUT"]
[BlackTeamCountry "AUT"]

1. d4 d5 2. Nf3 Bf5 3. c4 e6 4. Nc3 c6 5. Bf4 Be7 6. Qb3 Qb6 7. c5 Qxb3 8. axb3 Na6 9. Ra4 Bc2 10. Kd2 Bxb3 11. Ra3 Bc4 12. b3 Nxc5 13. dxc5 Bxc5 14. Ra2 Ba6 15. e3 Bxf1 16. Rxf1 f6 17. Ne1 e5 18. Bg3 Ne7 19. Nd3 Bd6 20. b4 Kf7 21. Rfa1 a6 22. f4 e4 23. Nc5 Ra7 24. Ne2 a5 25. f5 Nxf5 26. Rxa5 Rxa5 27. Rxa5 Nxg3 28. Nxg3 Kg6 29. Ra7 Rb8 30. Kc3 Be5+ 31. Kb3 b6 32. Nd7 Rd8 33. Nxb6 d4 34. Nc4 Bxg3 35. hxg3 dxe3 36. Ra1 Rd3+ 37. Kc2 Rd4 38. Kb3 Rd3+ 39. Kc2 Rd4 40. Kb3 Rd3+ 41. Kc2 1/2-1/2

[Event "Leitersdorf Region-ch"]
[Site "Leitersdorf"]
[Date "2015.01.06"]
[Round "5"]
[White "Stagl, Marco"]
[Black "Horvath, Reka"]
[Result "0-1"]
[WhiteElo "2113"]
[BlackElo "2033"]
[PlyCount "82"]
[EventDate "2015.01.02"]
[EventType "swiss"]
[EventRounds "5"]
[EventCountry "AUT"]
[SourceTitle "CBM 164 Extra"]
[Source "ChessBase"]
[SourceDate "2015.03.02"]
[SourceVersion "1"]
[SourceVersionDate "2015.03.02"]
[SourceQuality "1"]

1. Nf3 c5 2. g3 g6 3. Bg2 Bg7 4. 0-0 Nf6 5. d3 0-0 6. e4 d6 7. Nc3 Nc6 8. h3 Rb8 9. a4 a6 10. Be3 b5 11. axb5 axb5 12. Qd2 Re8 13. Rae1 b4 14. Nd1 c4 15. dxc4 Na5 16. b3 Nxe4 17. Qd3 Bb7 18. Bd4 Nc5 19. Qe3 e5 20. Bxc5 dxc5 21. Qxc5 e4 22. Ng5 Bd4 23. Nxf7 Bxc5 24. Nxd8 Rbxd8 25. Re2 Re7 26. Rfe1 Red7 27. Nb2 Rd2 28. Na4 Ba7 29. Nb2 e3 30. fxe3 Bxg2 31. Kxg2 Bxe3 32. Nd3 Nc6 33. Kf3 Bh6 34. Re8+ Rxe8 35. Rxe8+ Kf7 36. Rc8 Nd4+ 37. Ke4 Nxc2 38. Rc7+ Kf6 39. Rc6+ Ke7 40. Nf4 Rd4+ 41. Kf3 Rxf4+ 0-1

[Event "Wolfsberg op"]
[Site "Wolfsberg"]
[Date "2014.12.28"]
[Round "2"]
[White "Stagl, Marco"]
[Black "Spalir, Jernej"]
[Result "0-1"]
[WhiteElo "2113"]
[BlackElo "2377"]
[PlyCount "108"]
[EventDate "2014.12.27"]
[EventType "swiss"]
[EventRounds "5"]
[EventCountry "AUT"]
[SourceTitle "CBM 164 Extra"]
[Source "ChessBase"]
[SourceDate "2015.03.02"]
[SourceVersion "1"]
[SourceVersionDate "2015.03.02"]
[SourceQuality "1"]

1. e4 c5 2. d3 e6 3. g3 Nc6 4. Bg2 d5 5. exd5 exd5 6. Nc3 d4 7. Qe2+ Be6 8. Nd5 Nge7 9. Nf4 Bf5 10. g4 Bd7 11. Nd5 Bxg4 12. Nf6+ gxf6 13. Bxc6+ bxc6 14. Qxg4 Qd5 15. Qf3 Rg8 16. Qxd5 Nxd5 17. Bd2 Kd7 18. Ne2 Re8 19. Kf1 f5 20. h3 Bd6 21. Rb1 Rg6 22. c4 dxc3 23. bxc3 Rge6 24. Ng1 Bf4 25. Be1 Kc7 26. h4 Be5 27. Ne2 Bf6 28. Rb2 Nf4 29. Nxf4 Rxe1+ 30. Kg2 Rxh1 31. Kxh1 Bxh4 32. Kg2 Bf6 33. Rb3 c4 34. dxc4 Re4 35. Nh5 Be7 36. Ng3 Rxc4 37. Nxf5 Bc5 38. Ng3 a5 39. Ne2 Rg4+ 40. Kf3 Rg6 41. Nd4 Bxd4 42. cxd4 h5 43. Ke4 h4 44. Rh3 Rh6 45. f4 Kd6 46. Ke3 Kd5 47. Kd3 f5 48. Ke3 Kc4 49. Rh1 h3 50. Rc1+ Kb4 51. Rh1 h2 52. a3+ Kxa3 53. d5 cxd5 54. Kd4 Kb2 0-1